000
00350 a2200169 4500
001
183466
020
_a
978-85-262-3439-0
040
_c
Magnum
100
_a
Braga, Edson Rocha
240
1
0
_a
Os lusÃadas
_l
por
245
1
0
_a
Os lusÃadas
300
_a
39
362
0
_a
1999
440
1
_a
Scipione
697
_a
LITERATURA INFANTO
942
_c
BK
999
_c
183466
_d
183466